Impact of regime type on Argentinean central government budgetary priorities 1961-82 (Record no. 4724)

000 -LEADER
fixed length control field 00433pab a2200133 454500
008 - FIXED-LENGTH DATA ELEMENTS--GENERAL INFORMATION
fixed length control field 180718b1989 xxu||||| |||| 00| 0 eng d
100 ## - MAIN ENTRY--PERSONAL NAME
Personal name Looney, Robert E.
245 ## - TITLE STATEMENT
Title Impact of regime type on Argentinean central government budgetary priorities 1961-82
Remainder of title A test of the O'Donnell thesis
260 ## - PUBLICATION, DISTRIBUTION, ETC.
Date of publication, distribution, etc. 1989
300 ## - PHYSICAL DESCRIPTION
Extent 45-77
650 ## - SUBJECT ADDED ENTRY--TOPICAL TERM
Topical term or geographic name entry element Budget -Argentina
773 ## - HOST ITEM ENTRY
Main entry heading International Journal of Public Administration
909 ## -
-- 4724
Holdings
Withdrawn status Lost status Damaged status Not for loan Permanent Location Current Location Date acquired Serial Enumeration / chronology Barcode Date last seen Price effective from Koha item type
        Indian Institute of Public Administration Indian Institute of Public Administration 2018-07-19 Volume no: 12, Issue no: 1 AR4727 2018-07-19 2018-07-19 Articles

Powered by Koha